000
00219 a2200097 4500
001
47727
100
_a
Gupta S
245
_a
Journalism as a career
260
_a
Calcutta
_b
Modern book agency
_c
090
_c
30731
_d
30731
942
_a
NUST-CAE
_c
M
_c
23038
999
_c
282800
_d
282800